| 000 | 00469nam a22001937a 4500 | ||
|---|---|---|---|
| 005 | 20140127114954.0 | ||
| 010 | _aG-2215 | ||
| 020 |
_a9781908357168 _c99.00 |
||
| 035 | _aG-2215 | ||
| 037 | _aGIFT | ||
| 082 | _aS | ||
| 100 | _aLondon,Jack | ||
| 245 |
_aThe Call of the Wild _cby/ Jack London |
||
| 260 |
_aLondon _bibs Book |
||
| 270 |
_a55, Warren Street, _bLondon |
||
| 300 |
_a108p _bill. _c24cm(Hb) |
||
| 942 |
_2ddc _cCH _hS _kLON |
||
| 999 |
_c79339 _d79339 |
||